[Event "Dhaka Bangabandhu op-B"]
[Site "Dhaka"]
[Date "2021.03.11"]
[Round "3"]
[White "Uten"]
[Black "Sibu, Podder"]
[Result "1-0"]
[WhiteElo "2048"]
[BlackElo "1806"]
[PlyCount "51"]
[EventDate "2021.03.09"]
[EventType "swiss"]
[EventRounds "9"]
[EventCountry "BAN"]
[SourceTitle "CBM 201 Extra"]
[Source "ChessBase"]
[SourceDate "2021.05.31"]
[SourceVersion "1"]
[SourceVersionDate "2021.05.31"]
[SourceQuality "1"]

1. e4 c5 2. Nf3 Nc6 3. c3 d6 4. d4 cxd4 5. cxd4 a6 6. Be2 Qc7 7. Nc3 e6 8. d5 Nb8 9. Be3 Nf6 10. Rc1 Qa5 11. Qb3 b5 12. 0-0 Bd7 13. e5 Ng4 14. Bd4 Nxe5 15. Bxe5 dxe5 16. Nxe5 Qb4 17. Qc2 Bd6 18. Nxd7 Nxd7 19. dxe6 fxe6 20. Ne4 Ke7 21. a3 Qa5 22. Nxd6 Kxd6 23. Rfd1+ Ke7 24. Qd3 Ra7 25. Rc6 Re8 26. Qe3 1-0

[Event "Dhaka Marcel 1st Division"]
[Site "Dhaka"]
[Date "2019.11.20"]
[Round "9.1"]
[White "Sibu, Podder"]
[Black "Utsab, Chatterjee"]
[Result "0-1"]
[WhiteElo "1808"]
[BlackElo "2225"]
[PlyCount "106"]
[EventDate "2019.11.12"]
[EventType "team-tourn"]
[EventRounds "9"]
[EventCountry "BAN"]
[SourceTitle "CBM 193 Extra"]
[Source "ChessBase"]
[SourceDate "2020.01.31"]
[SourceVersion "1"]
[SourceVersionDate "2020.01.31"]
[SourceQuality "1"]
[WhiteTeam "Debdas Biswas Smirity Sangsad"]
[BlackTeam "Shahin CC"]
[WhiteTeamCountry "BAN"]
[BlackTeamCountry "BAN"]

1. d4 d5 2. c4 e6 3. Nc3 Nf6 4. e3 Be7 5. Nf3 0-0 6. Bd3 b6 7. 0-0 Bb7 8. b3 Nbd7 9. Bb2 c5 10. Qe2 Rc8 11. Rfd1 Qc7 12. Rac1 Qb8 13. cxd5 exd5 14. h3 Ne4 15. dxc5 Ndxc5 16. Bb1 Rfd8 17. b4 Ne6 18. a3 a5 19. Nxe4 dxe4 20. Rxd8+ Rxd8 21. Nd2 axb4 22. axb4 Bxb4 23. Nf1 Qa8 24. Bc2 Qa2 25. Bb1 Qb3 26. Be5 Qd5 27. Qb2 Qa5 28. Qa1 Qxa1 29. Bxa1 Nc5 30. Ba2 Ba3 31. Rb1 Rd6 32. Be5 Rg6 33. Bc7 Nd7 34. Rd1 Nf8 35. Rb1 Bc5 36. Nd2 Rc6 37. Bf4 Rc8 38. Nc4 Ra8 39. Rb2 Bd5 40. Bb3 Nd7 41. Kf1 Ra1+ 42. Ke2 Bb7 43. Nd2 Ba3 44. Ra2 Rxa2 45. Bxa2 b5 46. Nb1 Bc5 47. Bc7 Nb6 48. Nd2 Na4 49. Be5 Kf8 50. Kd1 f6 51. Ba1 Bb4 52. Kc2 Nc5 53. f3 Bxd2 0-1

[Event "BAN Walton 1st League"]
[Site "Dhaka"]
[Date "2018.10.27"]
[Round "3.1"]
[White "Nayem, Haque"]
[Black "Sibu, Podder"]
[Result "1-0"]
[WhiteElo "2074"]
[BlackElo "1811"]
[PlyCount "97"]
[EventDate "2018.10.25"]
[EventType "team-tourn"]
[EventRounds "11"]
[EventCountry "BAN"]
[SourceTitle "CBM 187 Extra"]
[Source "ChessBase"]
[SourceDate "2018.11.04"]
[SourceVersion "1"]
[SourceVersionDate "2018.11.04"]
[SourceQuality "1"]
[WhiteTeam "Mir CC"]
[BlackTeam "Debdas Biswas Smirity Sangsad"]
[WhiteTeamCountry "BAN"]
[BlackTeamCountry "BAN"]

1. e4 e5 2. Nf3 Nc6 3. Bc4 Be7 4. 0-0 Nf6 5. d3 0-0 6. a3 d6 7. h3 h6 8. Nbd2 Re8 9. Re1 a6 10. Nf1 Bf8 11. Ng3 Na5 12. Ba2 c5 13. Nh4 b5 14. Nhf5 c4 15. dxc4 Nxc4 16. Bxc4 bxc4 17. Bd2 Kh7 18. Bb4 Re6 19. Qe2 a5 20. Bc3 Qc7 21. Rad1 Bb7 22. Kh2 g6 23. Nh4 Nd7 24. Nf3 Nb6 25. Nd2 Ree8 26. Ndf1 Na4 27. Ne3 Nxc3 28. bxc3 Rec8 29. Rb1 Rab8 30. Rb2 h5 31. Nxh5 Bh6 32. Nf6+ Kh8 33. Qg4 Bxe3 34. Rxe3 Kg7 35. Nd7 Bxe4 36. Nxb8 Bf5 37. Na6 Qa7 38. Qg5 Qxa6 39. Rg3 Be6 40. Qe7 Qc6 41. Rf3 Bf5 42. Rb7 Rf8 43. Rc7 Qd5 44. Qg5 Bxc2 45. Qf6+ Kg8 46. Rd7 Be4 47. Rxd6 Qc5 48. Rg3 Qxa3 49. Rg4 1-0

[Event "Dhaka IRT U2000"]
[Site "Dhaka"]
[Date "2018.02.18"]
[Round "5"]
[White "Sibu, Podder"]
[Black "Mihir Lal, Das"]
[Result "0-1"]
[WhiteElo "1868"]
[BlackElo "1967"]
[PlyCount "108"]
[EventDate "2018.02.14"]
[EventType "swiss"]
[EventRounds "9"]
[EventCountry "BAN"]
[SourceTitle "EXT 2024"]
[Source "ChessBase"]
[SourceDate "2023.10.10"]
[SourceVersion "1"]
[SourceVersionDate "2023.10.10"]
[SourceQuality "1"]

1. d4 Nf6 2. c4 e6 3. Nc3 b6 4. Nf3 Ba6 5. e3 Bb4 6. Bd3 Bb7 7. 0-0 0-0 8. Re1 d5 9. a3 Bxc3 10. bxc3 Nbd7 11. a4 c5 12. Bb2 Rc8 13. cxd5 exd5 14. Bf5 Rc6 15. Qc2 Qc7 16. Ng5 h6 17. Nf3 Re8 18. dxc5 bxc5 19. c4 d4 20. Bxd7 Qxd7 21. exd4 cxd4 22. Rxe8+ Qxe8 23. Bxd4 Re6 24. Bxa7 Bxf3 25. gxf3 Qa8 26. Bd4 Qxf3 27. Qd1 Qe4 28. f3 Qf4 29. Bf2 Nh5 30. a5 Qxc4 31. Ra4 Rg6+ 32. Kh1 Qc6 33. a6 Rd6 34. Bd4 Nf4 35. a7 Rd8 36. Ra3 Kh7 37. Qg1 g6 38. Bf2 Nh3 39. Qf1 Nxf2+ 40. Kg2 Ng4 41. Qe2 h5 42. Ra2 Qd5 43. Rc2 Qb7 44. Ra2 Qc6 45. Qe4 Qxe4 46. fxe4 Ra8 47. h3 Ne5 48. Ra3 Kg7 49. Kf2 Kf8 50. Ke3 Ke8 51. Kd4 Rxa7 52. Rg3 Nd7 53. Rb3 Ra4+ 54. Kd5 Rxe4 0-1

[Event "Dhaka Powertec op-B"]
[Site "Dhaka"]
[Date "2017.07.19"]
[Round "5"]
[White "Sibu, Podder"]
[Black "Md Imamul, Haque"]
[Result "0-1"]
[WhiteElo "1876"]
[BlackElo "1810"]
[PlyCount "92"]
[EventDate "2017.07.15"]
[EventType "swiss"]
[EventRounds "9"]
[EventCountry "BAN"]
[SourceTitle "EXT 2018"]
[Source "ChessBase"]
[SourceDate "2017.10.13"]
[SourceVersion "1"]
[SourceVersionDate "2017.10.13"]
[SourceQuality "1"]

1. d4 Nf6 2. c4 e6 3. Nc3 d5 4. e3 Be7 5. Nf3 0-0 6. Bd3 dxc4 7. Bxc4 c5 8. 0-0 a6 9. b3 b5 10. Bd3 cxd4 11. Nxd4 Bb7 12. Bb2 Nc6 13. Rc1 Nxd4 14. exd4 Nd5 15. Ne2 Bg5 16. Rc5 Be7 17. Rc1 Bg5 18. Ra1 Nb4 19. Bb1 Qd5 20. f3 Qd7 21. a3 Nd5 22. Qd3 g6 23. b4 Rac8 24. Ba2 Rc7 25. Ng3 Rfc8 26. Bb3 Rc3 27. Bxc3 Rxc3 28. Qb1 Ne3 29. Qb2 Qxd4 30. Ne2 Qb6 31. Kh1 Nxf1 32. Qxc3 Ne3 33. Qc5 Qd8 34. Ng3 Qd2 35. Rg1 Nxg2 36. Rxg2 Bxf3 37. Qg1 h5 38. Qf1 Bb7 39. Qe2 Qc3 40. Bc2 Qa1+ 41. Nf1 Qd4 42. Ng3 Be3 43. h3 h4 44. Nf1 Bf4 45. Qd3 Qf2 46. Qd8+ Kg7 0-1

[Event "BAN-chT"]
[Site "Dhaka"]
[Date "2016.11.27"]
[Round "5.1"]
[White "Rafiqul, Islam1111"]
[Black "Sibu, Podder"]
[Result "1-0"]
[WhiteElo "1971"]
[BlackElo "1882"]
[PlyCount "59"]
[EventDate "2016.11.23"]
[EventType "team-tourn"]
[EventRounds "9"]
[EventCountry "BAN"]
[SourceTitle "EXT 2018"]
[Source "ChessBase"]
[SourceDate "2017.10.13"]
[SourceVersion "1"]
[SourceVersionDate "2017.10.13"]
[SourceQuality "1"]
[WhiteTeam "Mohakhali Pradip Sangah"]
[BlackTeam "Debdas Biswas Smirity Sangsad"]
[WhiteTeamCountry "BAN"]
[BlackTeamCountry "BAN"]

1. e4 e5 2. Nf3 Nc6 3. Bc4 Nd4 4. Nxd4 exd4 5. 0-0 d6 6. f4 Be6 7. Bb5+ c6 8. Be2 Qb6 9. d3 f5 10. exf5 Bxf5 11. Bg4 Nh6 12. Re1+ Be7 13. Qe2 Qc7 14. Bxf5 Nxf5 15. g4 Nh4 16. f5 Kd8 17. Bf4 Qd7 18. Qxe7+ Qxe7 19. Rxe7 Kxe7 20. Bg5+ Kd7 21. Bxh4 Rae8 22. Kf1 h5 23. g5 Re5 24. Nd2 Rxf5+ 25. Kg2 Rc5 26. Rc1 Re8 27. Ne4 Ra5 28. Rf1 Rxa2 29. Rf7+ Re7 30. g6 1-0